000
00228nam a22000857a 4500
008
170608b xxu||||| |||| 00| 0 eng d
100
_9
3338
_a
Rav. M. E
245
_a
Nehru for Children
260
_a
New Delhi
_b
Children's Book Trust
_c
1967
999
_c
6657
_d
6657